New 1 inch Ordnance Survey of England and Wales Sheet 271 (Record no. 116913)
[ view plain ]
| 000 -LEADER | |
|---|---|
| fixed length control field | 00401cem a2200133 4500 |
| 001 - CONTROL NUMBER | |
| control field | L159582 |
| 008 - FIXED-LENGTH DATA ELEMENTS--GENERAL INFORMATION | |
| fixed length control field | 170914n2017 0 0 eng u |
| 035 ## - SYSTEM CONTROL NUMBER | |
| System control number | (Sirsi) u159582 |
| 110 1# - MAIN ENTRY--CORPORATE NAME | |
| Corporate name or jurisdiction name as entry element | Edward Stanford Ltd. |
| 9 (RLIN) | 6124 |
| 245 ## - TITLE STATEMENT | |
| Title | New 1 inch Ordnance Survey of England and Wales Sheet 271 |
| 520 ## - SUMMARY, ETC. | |
| Summary, etc. | Folding map covering area from Greenwich to Gravesend |
| 650 ## - SUBJECT ADDED ENTRY--TOPICAL TERM | |
| Topical term or geographic name entry element | Measurement |
| 9 (RLIN) | 6256 |
| 942 ## - ADDED ENTRY ELEMENTS (KOHA) | |
| Suppress in OPAC | 0 |
| Withdrawn status | Lost status | Source of classification or shelving scheme | Damaged status | Not for loan | Home library | Current library | Shelving location | Date acquired | Total Checkouts | Full call number | Barcode | Date last seen | Copy number | Price effective from | Koha item type |
|---|---|---|---|---|---|---|---|---|---|---|---|---|---|---|---|
| Dewey Decimal Classification | Historic collection | Historic collection | Archive copy | 14/09/2017 | BASEMENT BOX 3 | 30078471 | 06/08/2019 | 1 | 06/08/2019 | Archive |